Тектоническое развитие приокеанической зоны Камчатки в позднем мезозое-раннем кайнозое

Библиографические подробности
Главный автор: Цуканов Н. В. Николай Васильевич
Автор-организация: Академия наук СССР (АН СССР) Геологический институт (ГИН)
Другие авторы: Пущаровский Ю. М. Юрий Михайлович (редактор)
Язык:русский
Опубликовано: Москва, Наука, 1991
Серии:Труды ГИН (Геологического института АН СССР) Вып. 462
Предметы:
Формат: MixedMaterials Книга
Запись в KOHA:https://koha.lib.tpu.ru/cgi-bin/koha/opac-detail.pl?biblionumber=137034

MARC

LEADER 00000nam0a2200000 4500
001 137034
005 20231101220645.0
035 |a (RuTPU)RU\TPU\book\148520 
090 |a 137034 
100 |a 20080503d1991 k y0rusy50 ca 
101 0 |a rus 
102 |a RU 
105 |a a z 001zy 
200 1 |a Тектоническое развитие приокеанической зоны Камчатки в позднем мезозое-раннем кайнозое  |f Н. В. Цуканов  |g Академия наук СССР (АН СССР), Геологический институт (ГИН) ; под ред. Ю. М. Пущаровского 
210 |a Москва  |c Наука  |d 1991 
215 |a 104 с.  |c ил. 
225 1 |a Труды ГИН (Геологического института АН СССР)  |v Вып. 462 
320 |a Библиогр. в конце ст. 
610 1 |a тектоника 
610 1 |a Камчатка 
610 1 |a мезозой 
610 1 |a кайнозой 
610 1 |a тектоническое развитие 
610 1 |a сборники 
675 |a 551.24:551.7  |v 3 
700 1 |a Цуканов  |b Н. В.  |g Николай Васильевич 
702 1 |a Пущаровский  |b Ю. М.  |c российский геолог  |f 1916-2018  |g Юрий Михайлович  |2 stltpush  |3 (RuTPU)RU\TPU\pers\11530  |4 340  |9 2720 
712 0 2 |a Академия наук СССР (АН СССР)  |b Геологический институт (ГИН)  |c (Москва)  |2 stltpush  |3 (RuTPU)RU\TPU\col\11354 
801 1 |a RU  |b 63413507  |c 20080503  |g PSBO 
801 2 |a RU  |b 63413507  |c 20220228  |g PSBO 
942 |c BK